| 000 | 00746nas a2200217 4500 | ||
|---|---|---|---|
| 001 | BR8701211 | ||
| 003 | BR-BrBNA | ||
| 005 | 20231205090604.0 | ||
| 007 | ta | ||
| 008 | 230509b bl.|||p| |||| 00| 00por d | ||
| 040 |
_aBR-BrBNA _bpor _cBiblioteca Nacional de Agricultura |
||
| 041 | _a(Pt) | ||
| 072 | _aA50; E14 | ||
| 100 | 1 | _aRodrigues, C.M. | |
| 245 | 1 | _aDifusao de tecnologia: uma abordagem alem do circuito tecnologico [EMBRAPA - Empresa Brasileira de Pesquisa Agropecuaria] | |
| 650 | _aPESQUISA AGRICOLA | ||
| 650 | _aDIFUSAO DE TECNOLOGIA | ||
| 773 | 0 |
_tCadernos de Difusao de Tecnologia (Brazil) _xISSN 0102-1869 _g(May-Aug 1985), v. 2(2) p. 305-311 _wBR8701211 |
|
| 909 |
_a202311 _bLúcia _c55 _dLúcia Elande |
||
| 942 |
_2AGRIS _n0 _cANA |
||
| 999 |
_c119560 _d119560 |
||